|
|
|
|
| LEADER |
00000nam a2200000 a 4500 |
| 001 |
vtls008934939 |
| 003 |
SK-MaSNL |
| 005 |
20260301103942.0 |
| 008 |
240318 000 0 eng |
| 040 |
|
|
|a SNK
|b slo
|c SNK
|e AACR2
|
| 100 |
1 |
|
|a Gebhardi, Ludewig Albrecht
|4 aut
|9 318982
|
| 245 |
1 |
0 |
|a Geschichte des Reichs Hungarn und der damit verbundenen Staaten.
|n Zwenter Theil.
|
| 260 |
|
|
|a Leipzig
|b bez Weidmanns Erben und Reich
|c 1781
|
| 300 |
|
|
|a 754 s.
|
| 999 |
|
|
|c 696751
|d 698681
|
| 952 |
|
|
|a SNK
|b SNK
|y VYP
|7 0
|p 17X08934939002
|o snkSD 3472/2 D1
|i snkKSF 2422/57
|8 5
|3 rekatalogizácia
|0 0
|1 0
|4 0
|d 2007-01-12
|l 0
|r 2026-02-23 20:44:58
|w 2026-02-23
|